Soustavná botanika se základy fytogenese. Část 2 /

Hlavní autor: Dostál, Josef, 1903-1999
Korporativní autor: Univerzita Palackého. Přírodovědecká fakulta
Jazyk: Čeština
Vydáno: Praha : Státní pedagogické nakladatelství, 1968
Vydání: 1.vyd.
Edice: Učební texty vysokých škol
Témata:
Fyzický popis: 159 s.
Knihy
Uloženo v:
LEADER 00977nam a2200277 a 4500
001 000680080
003 CZ BrMZK
005 20030731105337.0
008 030731s1968 xr f cze d
015 |a cnb000449754 
035 |a (OCoLC)42099120 
040 |a BOA001  |b cze  |c BOA002 
100 1 |a Dostál, Josef,  |d 1903-1999  |7 jk01022807  |4 aut 
245 1 0 |a Soustavná botanika se základy fytogenese.  |n Část 2 /  |c Josef Dostál 
250 |a 1.vyd. 
260 |a Praha :  |b Státní pedagogické nakladatelství,  |c 1968 
300 |a 159 s. 
490 1 |a Učební texty vysokých škol 
500 |a Ofset 
504 |a Bibliografie na s. 144-146 
710 2 |a Univerzita Palackého.  |b Přírodovědecká fakulta  |7 kn20010709377 
830 0 |a Učební texty vysokých škol 
910 |a BOA001  |b PK-N-0008.751,2 
964 |a Botanika - učebnice - školy vysoké 
990 |a BK 
996 6 |b BC-101983  |c PK-N-0008.751,2  |l MZK  |r Sklad / do 1 hodiny  |n 0  |w 000680080  |u 000010  |a 1  |e BOA001  |j MZK50  |s P